000 00732nam a22002537a 4500
005 20170123162333.0
010 _a124513
020 _c3.50
035 _a124513
037 _bCen Lib/Ret
040 _aDPL
_bUR
082 _aن
_bق ی س
100 _aقسی رامپوری
_9108592
245 _aنگہت /
_cقسی رامپوری
246 _aNighat /
_bby Qesi Rampuri
260 _bالی کتاب کھانا
_aدہلی
_c1957
270 _bدہلی
_aاردو بزار
300 _a239p.
_c18cm(Hb)
650 _aادب -- اردو
_9122787
650 _aاردوناول
_9122788
650 _aLiterature -- Urdu
_9122789
650 _aUrdu novel
_9122790
942 _2ddc
_cUR
_hن
_mق ی س
999 _c107953
_d107953